| 000 | 00451nam a2200193Ia 4500 | ||
|---|---|---|---|
| 005 | 20250603150033.0 | ||
| 008 | 250603s9999 xx 000 0 und d | ||
| 020 | _a9781138784727 | ||
| 050 | _aTJ 1160 .B53/ | ||
| 100 | _aBlack, Bruce J. | ||
| 245 | 0 | _aWorkshop processes, practices and materials | |
| 250 | _a5th ed. | ||
| 260 | _aNew York | ||
| 260 | _bRoutledge | ||
| 260 | _c2015 | ||
| 300 | _a328 p | ||
| 650 | _aNew York | ||
| 942 | _cBK | ||
| 999 |
_c43574 _d43574 |
||